Представление документа в формате RUSMARC

ПолеНазваниеЗначение
  Тип записи a
  Библиографический уровень m
001 Контрольный номер UONB/MAIN/ed3f70179d604c74b80971e5c905a54f
005 Дата корректировки 20260506135127.5
010 Индекс ISBN __
d Цена 2 р.
100 Данные общей обработки __
a Данные общей обработки 20260506d1894 m y0rusy0189 ca
101 Язык документа 0_
a Язык текста rus
102 Страна публикации __
a Страна публикации RU
105 Кодированные данные (монография) __
a Кодированные данные (монография) y z 000yy
200 Заглавие и сведения об ответственности 1_
a Заглавие Руководство для изучения фабрично-заводского счетоводства
f Первые сведения об ответственности П. А. Субботин
203 Вид содержания и тип средства __
a Вид содержания Текст
b Характеристика содержания визуальный
c Тип средства непосредственный
210 Выходные данные 1_
a Место издания Санкт-Петербург
d Дата издания 1894
606 Тематические рубрики 0_
a Основная рубрика Бухгалтерский учет на производстве
610 Ключевые слова 0_
a Ключевые слова бухгалтерский учет
686 Индексы других классификаций __
2 Код системы rubbk
a Классификационный индекс 65.052.24
700 Автор _1
a Фамилия Субботин
b Имя (инициалы) П. А.
4 Код отношения 070
801 Источник записи _0
a Страна RU
b Организация Ульяновская ОНБ
c Дата составления 20260506
g Правила каталогизации RCR
801 Источник записи _1
a Страна RU
b Организация Ульяновская ОНБ
c Дата составления 20260506
g Правила каталогизации RCR
901 Тип документа __
t Тип документа m
909 Создатель записи __
a Создатель записи Тихонова
b Дата создания записи 20260506